LEADER 01821oam 2200517zu 450 001 9910154338803321 005 20210731015517.0 035 $a(CKB)2560000000296649 035 $a(SSID)ssj0001194855 035 $a(PQKBManifestationID)11682897 035 $a(PQKBTitleCode)TC0001194855 035 $a(PQKBWorkID)11155707 035 $a(PQKB)10417539 035 $a(StDuBDS)EDZ0000219211 035 $a(MiAaPQ)EBC4842529 035 $a(EXLCZ)992560000000296649 100 $a20160829d2014 uy 101 0 $aeng 135 $aur||||||||||| 181 $ctxt 182 $cc 183 $acr 200 00$aSampling media 210 1$aNew York :$cOxford University Press,$d2014. 215 $a1 online resource 300 $aBibliographic Level Mode of Issuance: Monograph 311 $a0-19-994931-X 311 $a0-19-936474-5 320 $aIncludes bibliographical references and index. 330 8 $aThis work digs deep into sampling practices across audio-visual media, from found footage filmmaking to Internet 'memes' that repurpose music videos, trailers and news broadcasts. The book extends the conceptual boundaries of sampling by emphasizing its inter-medial dimensions, exploring its politics, and examining its historical and global scope. 606 $aAppropriation (Arts) 606 $aArt, Architecture & Applied Arts$2HILCC 606 $aFine Arts - General$2HILCC 615 0$aAppropriation (Arts) 615 7$aArt, Architecture & Applied Arts 615 7$aFine Arts - General 676 $a701/.1 702 $aLaderman$b David 702 $aLaderman$b David 702 $aWestrup$b Laurel 702 $aWestrup$b Laurel 801 0$bPQKB 906 $aBOOK 912 $a9910154338803321 996 $aSampling media$92880100 997 $aUNINA LEADER 05247nam 2201057Ia 450 001 9910783389803321 005 20230617012957.0 010 $a1-282-35730-1 010 $a9786612357305 010 $a0-520-93063-0 010 $a1-4175-4515-1 024 7 $a10.1525/9780520930636 035 $a(CKB)1000000000024214 035 $a(EBL)224706 035 $a(OCoLC)228113312 035 $a(SSID)ssj0000152049 035 $a(PQKBManifestationID)11147129 035 $a(PQKBTitleCode)TC0000152049 035 $a(PQKBWorkID)10322325 035 $a(PQKB)10418259 035 $a(StDuBDS)EDZ0000055770 035 $a(OCoLC)56713888 035 $a(MdBmJHUP)muse30404 035 $a(MiAaPQ)EBC224706 035 $a(DE-B1597)520506 035 $a(DE-B1597)9780520930636 035 $a(Au-PeEL)EBL224706 035 $a(CaPaEBR)ebr10068609 035 $a(CaONFJC)MIL235730 035 $a(EXLCZ)991000000000024214 100 $a20040705d2004 uy 0 101 0 $aeng 135 $aurnn#---|u||u 181 $ctxt 182 $cc 183 $acr 200 00$aExperimental approaches to conservation biology$b[electronic resource] /$fedited by Malcolm S. Gordon and Soraya M. Bartol 210 $aBerkeley, Calif. ;$aLondon $cUniversity of California Press$d2004 215 $a1 online resource (360 p.) 300 $aFormerly CIP.$5Uk 311 0 $a0-520-24024-3 320 $aIncludes bibliographical references and index. 327 $tFront matter --$tContents --$tAcknowledgments --$tContributors --$t1. Experimental Biology in Conservation Science --$t2. Overview --$t3. Contributions of Ex Situ Propagation and Molecular Genetics to Conservation of Hawaiian Tree Snails --$t4. Multiple Causes for Declining Amphibian Populations --$t5. Energetics of Leatherback Sea Turtles --$t6. Experimental Strategies for the Recovery of Depleted Populations of West Indian Rock Iguanas --$t7. Endocrinology and the Conservation of New Zealand Birds --$t8. Conservation of Australian Arid-Zone Marsupials --$t9. The Population Decline of Steller Sea Lions --$t10. Overview --$t11. Tipping the Balance in the Restoration of Native Plants --$t12. Using Natural Experiments in the Study of Alien Tree Invasions --$t13. Biological Control in Support of Conservation --$t14. Overview --$t15. The Army and the Desert Tortoise --$t16. Integrating Experimental Research with the Needs of Natural-Resource and Land Managers --$t17. Making Wildlife Research More Meaningful by Prioritizing Science, Linking Disciplines, and Building Capacity --$t18. African National Parks under Challenge --$tSystematic Index --$tSubject Index 330 $aWe are living in the early stages of a looming worldwide extinction crisis. Abundant evidence shows that the current rate of species extinctions is nearing its highest level since the asteroid collision 65 million years ago, and that humans are largely responsible. This book addresses the urgent need to understand and find solutions to this crisis. Written by an international team of contributors who are among the best-known and most active experimental biologists working in the field of conservation biology today, it provides a unique approach by focusing on individual species rather than whole plant and animal communities. Emphasizing throughout how conservation biology can benefit from an experimental approach, the book looks at a wide range of terrestrial and aquatic species-from giant pandas and tree snails to sea turtles and Steller sea lions-and demonstrates what can be done both to preserve rare species and to combat invasive organisms. Finally, contributors show how we can bridge the gap between policy makers and research scientists in order to develop lasting solutions to these problems. 606 $aConservation biology 606 $aBiology, Experimental 610 $aamphibians. 610 $aanimal populations. 610 $aaustralia. 610 $abiodiversity. 610 $abiology. 610 $aconservation. 610 $adesert tortoise. 610 $aecology. 610 $aecosystem. 610 $aendangered animals. 610 $aenvironment. 610 $aenvironmentalism. 610 $aextinction. 610 $agrassland. 610 $ahawaiian tree snails. 610 $ahealthy ocean. 610 $ainvasive species. 610 $aleatherneck sea turtles. 610 $amarine animals. 610 $amarine biology. 610 $amarsupials. 610 $anational parks. 610 $anative plants. 610 $anatural sciences. 610 $anew zealand. 610 $anonfiction. 610 $aocean animals. 610 $aocean. 610 $aoceanography. 610 $arock iguanas. 610 $ascience. 610 $asea lions. 610 $asea. 615 0$aConservation biology. 615 0$aBiology, Experimental. 676 $a639.9 701 $aGordon$b Malcolm S$0511909 701 $aBartol$b Soraya M.$f1970-$01463399 801 0$bMiAaPQ 801 1$bMiAaPQ 801 2$bMiAaPQ 906 $aBOOK 912 $a9910783389803321 996 $aExperimental approaches to conservation biology$93672679 997 $aUNINA